| 000 | 01031nam0a22002771 4500 | ||
|---|---|---|---|
| 001 | RU\NLR\BIBL_A\012874147 | ||
| 005 | 20251201175815.6 | ||
| 035 | _a(NLR Aleph) 012874147 | ||
| 090 |
_a12498787 _c12498787 |
||
| 100 | _a20220824d1980 u y0rusy50 ca | ||
| 101 | 0 |
_akor _arus |
|
| 102 | _aRU | ||
| 105 | _aa z 001yy | ||
| 200 | 1 |
_a쏘련 체육에 대한 문답 _f세르게이 뽀뽀브 |
|
| 210 |
_a모스크바 _c아뻬엔출판사 _d1980 |
||
| 210 |
_aМосква _cАПН _d1980 _7ca |
||
| 215 |
_a76 с _cил |
||
| 510 | 1 |
_aСсорйон чхейуге тэхан тэдап _7ca |
|
| 513 | 1 | _aСоветский спорт в вопросах и ответах | |
| 700 | 1 |
_4070 _aПопов _bС. Г. _cспортивный обозреватель _gСергей Григорьевич _9228371 _3RU\NLR\AUTH\770228427 |
|
| 701 | 1 |
_aСребницкий _bА.К. _gАлексей Константинович _p070 |
|
| 852 |
_aNLR _bОЛСАА-кор _j2-2380 |
||
| 942 | _cBOOK | ||
| 980 | _aNB | ||
| 980 | 1 | _aKOR | |